| 000 | 01592nam2a2200241 4500 | ||
|---|---|---|---|
| 001 | rc\2955402 | ||
| 005 | 20260315060608.0 | ||
| 035 | _a(NLR Aleph) 007102681 | ||
| 090 |
_a13603230 _c13603230 |
||
| 100 | _a20110904d1937 u y0rusy50 ca | ||
| 101 | 0 | _arus | |
| 102 | _aRU | ||
| 105 | _aae z ||||| | ||
| 200 | 1 |
_aСельский продовольственный магазин на 3 продавца _fАвтор арх. Грушецкая Т.Г. |
|
| 210 | _d1937 | ||
| 215 |
_aОбл., 9 л. ил., черт. и план., 6 с. "Пояснит. записка", без тит. л. _cил., черт., план. _eСмета 115 с. литогр. 2 экз. |
||
| 461 | 0 |
_1001rc\2955401 _12001#$aТиповой проект [сельскохозяйственного строительства на 1937 год]$hСерия 23$i[Жилищно-коммунальные сооружения]$fРазработан Сельхозстройпроектом НКЗ СССР$gЦентросоюз СССР и РСФСР. Отд. мат.-техн. снабж.$v№ 2442 _96686663 _cМосква _d1937-[1938] _fРазработан Сельхозстройпроектом НКЗ СССР _hСерия 23 _i[Жилищно-коммунальные сооружения] _nОМТС Центросоюза _tТиповой проект [сельскохозяйственного строительства на 1937 год] _v№ 2442 |
|
| 700 | 1 |
_aГрушецкая _bТ.Г. |
|
| 801 | 0 |
_aRU _bNLR _gpsbo |
|
| 801 | 1 |
_aRU _bELAR _2rusmarc |
|
| 852 |
_aNLR _j34-20/308(2442) |
||
| 942 | _cUNSPEC | ||
| 980 | _aNB | ||